Литье титановых сплавов: учебное пособие для вузов

Podrobná bibliografie
Hlavní autor: Бибиков Е. Л. Евгений Львович
Další autoři: Ильин А. А. Александр Анатольевич
Shrnutí:Изложены теоретические и технологические основы процессов, имеющих место при производстве слитков и отливок из титановых сплавов. Приведены сведения о свойствах, химическом и фазовом составах литейных и деформируемых титановых сплавов, а также о конструкциях плавильных печей и плавильно-заливочных установок, методах изготовления литейных форм и способах повышения их химической инертности. Для студентов вузов, обучающихся по направлению «Материаловедение и технологии материалов». Может быть полезно студентам вузов других специальностей при изучении материаловедческих и технологических процессов.
Jazyk:ruština
Vydáno: Москва, Инфра-М, 2014
Edice:Современные технологии
Témata:
Médium: Kniha
KOHA link:https://koha.lib.tpu.ru/cgi-bin/koha/opac-detail.pl?biblionumber=269855

MARC

LEADER 00000nam0a2200000 4500
001 269855
005 20231031224637.0
010 |a 9785982813640 
010 |a 978-5-16-009150-1 
035 |a (RuTPU)RU\TPU\book\293033 
090 |a 269855 
100 |a 20140922d2014 m y0rusy50 ca 
101 0 |a rus 
102 |a RU 
105 |a a j 001zy 
200 1 |a Литье титановых сплавов  |e учебное пособие для вузов  |f Е. Л. Бибиков, А. А. Ильин 
210 |a Москва  |c Инфра-М  |c Альфа-М  |d 2014 
215 |a 304 с.  |c ил. 
225 1 |a Современные технологии 
320 |a Библиогр.: с. 295-296. 
330 |a Изложены теоретические и технологические основы процессов, имеющих место при производстве слитков и отливок из титановых сплавов. Приведены сведения о свойствах, химическом и фазовом составах литейных и деформируемых титановых сплавов, а также о конструкциях плавильных печей и плавильно-заливочных установок, методах изготовления литейных форм и способах повышения их химической инертности. Для студентов вузов, обучающихся по направлению «Материаловедение и технологии материалов». Может быть полезно студентам вузов других специальностей при изучении материаловедческих и технологических процессов. 
606 1 |a Титановые сплавы  |x Литье  |2 stltpush  |3 (RuTPU)RU\TPU\subj\60731 
610 1 |a титан 
610 1 |a атмосферные газы 
610 1 |a взаимодействие 
610 1 |a состав 
610 1 |a свойства 
610 1 |a слитки 
610 1 |a производство 
610 1 |a вакуумные печи 
610 1 |a электродуговые печи 
610 1 |a химическая неоднородность 
610 1 |a литейные титановые сплавы 
610 1 |a отливки 
610 1 |a плавильно-заливочные установки 
610 1 |a литейные формы 
610 1 |a химическая инертность 
610 1 |a дефекты 
610 1 |a водородные технологии 
610 1 |a учебные пособия 
675 |a 669.295.5(075.8)  |v 3 
700 1 |a Бибиков  |b Е. Л.  |g Евгений Львович 
701 1 |a Ильин  |b А. А.  |g Александр Анатольевич 
801 1 |a RU  |b 63413507  |c 20140922 
801 2 |a RU  |b 63413507  |c 20150709  |g RCR 
900 |a Материаловедение и технология конструкционных материалов 
942 |c BK 
951 |b 150100  |l 8 
959 |a 130/20140919  |d 2  |e 399,90  |f ЧЗТЛ:1  |f АНЛ:1